| 000 -CABECERA |
| campo de control de longitud fija |
00683nam a22001937a 4500 |
| 005 - FECHA Y HORA DE LA ÚLTIMA TRANSACCIÓN |
| campo de control |
20220319141052.0 |
| 008 - DATOS DE LONGITUD FIJA--INFORMACIÓN GENERAL |
| campo de control de longitud fija |
220319b ||||| |||| 00| 0 eng d |
| 040 ## - FUENTE DE LA CATALOGACIÓN |
| Centro/agencia transcriptor |
CAAAP |
| 041 ## - CÓDIGO DE LENGUA |
| Código de lengua del texto/banda sonora o título independiente |
spa |
| 050 #4 - SIGNATURA TOPOGRÁFICA DE LA BIBLIOTECA DEL CONGRESO |
| Número de clasificación |
Z1873.M1 |
| Número de documento/Ítem |
K61 |
| 100 1# - ENTRADA PRINCIPAL--NOMBRE DE PERSONA |
| 9 (RLIN) |
5151 |
| Nombre personal |
Kleiser, Lissie Wahl |
| 245 13 - MENCIÓN DE TÍTULO |
| Título |
La región del Madre de Dios : |
| Subtitulo |
bibliografía anotada / |
| Mención de responsabilidad, etc. |
Lissie Wahl Kleiser, Klaus Rummenhoeller |
| 260 ## - PUBLICACIÓN, DISTRIBUCIÓN, ETC. |
| Lugar de publicación, distribución, etc. |
Cusco : |
| Nombre del editor, distribuidor, etc. |
Centro de Estudios Regionales Andinos Bartolomé de las Casas, |
| Fecha de publicación, distribución, etc. |
1991 |
| 300 ## - DESCRIPCIÓN FÍSICA |
| Extensión |
299 p.; |
| Dimensiones |
21 cm. |
| 490 0# - MENCIÓN DE SERIE |
| Mención de serie |
Debates andinos, |
| Volumen |
20 |
| 651 #0 - PUNTO DE ACCESO ADICIONAL DE MATERIA--NOMBRE GEOGRÁFICO |
| 9 (RLIN) |
3650 |
| Nombre geográfico |
Madre de Dios (Perú : Departamento) |
| Subdivisión de forma |
Bibliografía |
| 700 1# - PUNTO DE ACCESO ADICIONAL--NOMBRE DE PERSONA |
| 9 (RLIN) |
2472 |
| Nombre de persona |
Rummenhoeller, Klaus |
| 942 ## - ELEMENTOS PERSONALIZADOS KOHA |
| Fuente del sistema de clasificación o colocación |
|
| Fecha de catalogación |
DD - MM - AA |
| Tipo de ítem Koha |
Libros |